000 00997nam a22003017a 4500
003 CHAP
005 20220329134601.0
008 971013s1970 r 00010 d
010 _a22533
011 _a23505
035 _a27601
040 _cCHAP
090 _aFolleto 1797
100 0 0 _aDuckworth, W. Donald.
_934368
245 _aNeotropical microlepidoptera XVIII; revision of the genus Peleopoda (Lepidoptera:Gecophoridae)
260 _aWashington :
_bSmithsonian Institution,
_c1970
300 _a30 p.
_b: ilus.
490 _aSmithsonian contributions to zoology
_v; 48
590 _aBATCH-UPD
_b10
_c20130110
_lUCH01
_h1630
590 _aBATCH-UPD
_b10
_c20130410
_lUCH01
_h1022
590 _aBATCH-UPD
_b10
_c20130914
_lUCH01
_h1722
590 _aCONVERSION
_b10
_c20130109
_lUCH01
_h1313
650 1 4 _aLepidópteros.
_966252
830 0 _aSmithsonian contributions to zoology
_v; 48
_9107173
901 _aBK
942 _cFOLL
949 _aFolleto 1797
_bBC
_cFOLL
_d-63975
_eTS1
_i27601
_si
999 _c22533
_d22533